000 00818nam a2200229 a 4500
001 000034698
005 20200930073840.0
008 111019s19uu sp 000 0 spa d
040 _aDO-SdBNP
_bspa
_cBNPHU
082 _a985.02
_bP437f
100 1 _aPereyra, Carlos
_960134
245 1 0 _aFrancisco Pizarro y el tesoro de Atahualpa /
_cCarlos Pereyra.
260 _aMadrid :
_bAmérica,
_c[19--?].
300 _a223 p. ;
_c19 cm.
490 1 _aBiblioteca de la juventud hispano-americana
590 _aPerteneció a la biblioteca personal de Juan Isidro Jimenes Grullón
600 1 4 _aPIZARRO, FRANCISCO
_960143
600 1 4 _aATAHUALPA I
_960144
650 4 _aDescubrimiento y conquista de peru
_960145
830 0 _aBiblioteca de la juventud hispano-americana
_960146
910 _aValidado. Control de calidad MFF
999 _c34189
_d34189